Loreto College Library, Kolkata
WEBOPAC (ONLINE PUBLIC ACCESS CATALOGUE)

Principles of Guidance and Counselling (Record no. 25935)

MARC details
000 -LEADER
fixed length control field 00620nam a2200217Ia 4500
005 - DATE AND TIME OF LATEST TRANSACTION
control field 20240430125453.0
008 - FIXED-LENGTH DATA ELEMENTS--GENERAL INFORMATION
fixed length control field 131103s9999 xx 000 0 und d
020 ## - ISBN | অাই এস বি এন
ISBN | অাই এস বি এন 8173915385
PRICE 900.00
040 ## - CATALOGING SOURCE
Original cataloging agency Loreto College
041 ## - LANGUAGE CODE
Language code English
082 ## - DDC | ডিউই
Classification number | বর্গসংখ্যা 371.42
Book Number | গ্রন্থাঙ্ক SHR
100 ## - MAIN ENTRY--PERSONAL NAME | মুখ্য সংলেখ - ব্যাক্তিনাম
Personal name | ব্যাক্তিনাম Shrivastava, K. K.
245 ## - TITLE STATEMENT | অাখ্যা বিবরণী
Title | অাখ্যা Principles of Guidance and Counselling
Statement of responsibility | লেখকের দায়িত্বের বিবরণ K.K. Shrivastava
260 ## - IMPRINT | প্রকাশনা ক্ষেত্র
Place of publication | প্রকাশ স্থান New Delhi
Name of publisher | প্রকাশকের নাম Kanishka Publishers
Date of publication | প্রকাশ কাল 2007
300 ## - PHYSICAL DESCRIPTION |
Page / Vol. No | পৃষ্ঠা / খন্ড সংখ্যা xx,428p
504 ## - BIBLIOGRAPHY, ETC. NOTE
Bibliography, etc Inclludes bibliographical references and index
650 ## - SUBJECT ADDED ENTRY--TOPICAL TERM | বিষয় শিরোনাম - মূল বিষয়
Topical term | মূল বিষয় Education
651 ## - SUBJECT ADDED ENTRY--GEOGRAPHIC NAME | বিষয় শিরোনাম - ভৌগলিক নাম
Geographic name | ভৌগলিক বিষয় Student Guidance and Counselling
850 ## - HOLDING INSTITUTION
Holding institution LCBED
942 ## - ADDED ENTRY ELEMENTS (KOHA)
Koha item type Books
Holdings
Withdrawn status Lost status Source of classification Damaged status Not for loan Home library Current library Date acquired Price Total Checkouts Total Renewals Full call number Accession No. Date last seen Date checked out Price effective from Koha item type Coded location qualifier
    Dewey Decimal Classification     Loreto College Loreto College 04/11/2013 900.00 2 2 371.42 SHR 14489 B28775 18/03/2014 12/03/2014 04/11/2013 Books  
    Dewey Decimal Classification     Loreto College Loreto College 18/01/2017 900.00     371.42 SHR 15347 44558 18/01/2017   18/01/2017 Books  
    Dewey Decimal Classification     Loreto College Loreto College 18/01/2017 900.00     371.42 SHR 15348 44559 18/01/2017   18/01/2017 Books